| 000 | 00789nam a22002297a 4500 | ||
|---|---|---|---|
| 999 |
_c10313 _d10313 |
||
| 003 | AR-CdUCM | ||
| 008 | 190329b ||||| |||| 00| 0 spa d | ||
| 040 |
_aMUNICIPALIDAD PROVINCIAL DEL CUSCO _cBIBLIOTECA MUNICIPAL DEL CUSCO |
||
| 041 | _hfr | ||
| 082 |
_aES / 800 / _bV52 |
||
| 100 |
_aVerne, Julio _910153 |
||
| 245 | _aAventuras del capitán hatteras / | ||
| 260 |
_aBarcelona : _bEditorial molino, _c1960. |
||
| 300 |
_a292 páginas ; _c19 cm. |
||
| 505 | _aContenido: El Rorward -- Una carta inesperada -- El doctor Clawbonny -- El perro Captain -- En alta mar... | ||
| 650 |
_aLiteratura universal _9611 |
||
| 650 |
_aLos viajes de Verne _926907 |
||
| 650 |
_aAventura _91719 |
||
| 700 |
_aHuerta Ventosa, J. M. (traducción) _927109 |
||
| 942 |
_2ddc _cLIBROS |
||
| 945 | _adavv | ||